01311agaaa2200289 45000010005000000030009000050050017000140070009000310080040000400400023000800410013001031000051001161300026001672450155001932500022003482600130003703000033005005080090005335110034006235200075006575380016007325460013007486500075007617000063008367000065008997000057009649643IT-RoPAU20220918181250.0d cvaizq50131s9999||||xx ||| | || ||und|| aIT-RoPAUcIT-RoPAU aITALIANO aRafaiani SerafinogCodice regista SPICS: 39839 aGUSTO DELLA VITA (IL) aGUSTO DELLA VITA (IL)cSceneggiatura: Rafaiani Serafino -- Diretto da: Rafaiani SerafinopGUSTO DELLA VITA (IL) (Rif. Codice opera principale : B9643) aEdizione Standard aASCOLI PICENO (ITALIA)bFRATI MINORI CAPPUCCINI / Distribuzione: ALL SERVICEg"1992 (1° ed.: 1992 ; Ed. Lingua Orig.: 1992)" aVHSbsonoro, col.c48 minuti a"Fotografia: Rossi Piero; Musica: Silvetti Paolo; Sceneggiatura: Rafaiani Serafino; " a"Marconi Francesco; Saverio." aINTERVISTA AI PADRI CAPPUCCINI DI ASCOLI PICENO. CONVENTO DI CAMERINO. aPAL, STEREO aITALIANO aDOCUMENTARIOeTV-PROGRAMMI RELIGIOSI [VHS]xCodice MATERIA SPICS: 9963 aRafaiani Serafino e(regista)gCodice regista SPICS: 39839 aRafaiani Serafino e(soggetto)gCodice Soggetto SPICS: 39839 aSilvetti Paoloe(musica)gCodice Musica SPICS: 39840